Mes fragmens.

Bibliographic Details
Corporate Author: Gale (Firm)
Format: eBook
Language:French
Published: Londres : [publisher not identified], 1758.
Subjects:
Online Access:Connect to the full text of this electronic book

MARC

Tag First Indicator Second Indicator Subfields
LEADER 00000cam a2200000 4500
001 in00003811421
005 20190415185232.0
006 m o d
007 cr |n||||||||n
008 880328s1758 fr |||| o 00||||fre c
035 |a (CU-RivES)T177834 
035 |a (Uk-ES)006272601 
035 |a (OCoLC)509267026 
040 |a Uk-ES  |c Uk-ES  |d CStRLIN  |d Cengage Gale  |d UtOrBLW 
245 0 0 |a Mes fragmens. 
264 1 |a Londres :  |b [publisher not identified],  |c 1758. 
300 |a 1 online resource (viii,128 pages)  
336 |a text  |b txt  |2 rdacontent 
337 |a computer  |b c  |2 rdamedia 
338 |a online resource  |b cr  |2 rdacarrier 
500 |a The imprint is false; probably printed in Paris. 
500 |a With a half-title. 
510 4 |a English Short Title Catalog,  |c T177834. 
500 |a Reproduction of original from Bodleian Library (Oxford). 
500 |a Electronic resource. 
650 0 |a Epistolary fiction, French  |v Early works to 1800. 
655 7 |a Electronic books.  |2 local 
655 7 |a Fiction.  |2 rbgenr 
710 2 |a Gale (Firm)  |0 http://id.loc.gov/authorities/names/no2008071348 
752 |a France  |d Paris. 
856 4 0 |u http://proxy.library.tamu.edu/login?url=http://find.galegroup.com/ecco/infomark.do?contentSet=ECCOArticles&docType=ECCOArticles&bookId=1437400800&type=getFullCitation&tabID=T001&prodId=ECCO&docLevel=TEXT_GRAPHICS&version=1.0&source=library&userGroupName=txshracd2898  |z Connect to the full text of this electronic book  |t 0 
999 f f |s 72e23c54-b61e-3d8a-8213-0436e06745e4  |i 6d2c1d5a-b7cf-366b-8aeb-e02b44422766  |t 0 
952 f f |a Texas A&M University  |b College Station  |c Electronic Resources  |d Available Online  |t 0  |h No information provided 
998 f f |t 0  |l Available Online